000 00830nam a2200229Ia 4500
003 GCL
008 140319s9999 xx 000 0 ara d
040 _aGCL /
_cGCL
082 0 4 _a947.085
_bز ر
100 1 _aزيوغانوف، غينادى
245 1 0 _aروسيا والعالم المعاصر /
_cزيوغانوف، غينادى
700 1 _aعدنان جاموس (مترجم)
250 _aالاولى
260 _aسوريا :
_bدار الطليعة الجديدة ،
_c1996
300 _a79 ص ؛
_c20 سم
650 0 4 _aالاتحاد السوفيتى
650 0 4 _aالاحوال السياسية
650 0 4 _aاوربا الشرقية
650 0 4 _aالاتحاد الكونفدرالى
650 0 4 _aالاتحاد السوفيتى - تاريخ - العصرالحديث - تفكك
942 _2ddc
_cBK
999 _c48316
_d48316